<?xml version="1.0" encoding="UTF-8"?>
<record
    xmlns:xsi="http://www.w3.org/2001/XMLSchema-instance"
    xsi:schemaLocation="http://www.loc.gov/MARC21/slim http://www.loc.gov/standards/marcxml/schema/MARC21slim.xsd"
    xmlns="http://www.loc.gov/MARC21/slim">

  <leader>02930nem2a2200385   4500</leader>
  <controlfield tag="001">RU\NLR\BIBL_A\022514932</controlfield>
  <controlfield tag="005">20250627150322.0</controlfield>
  <datafield tag="010" ind1=" " ind2=" ">
    <subfield code="a">978-5-00193-676-3</subfield>
    <subfield code="9">100</subfield>
  </datafield>
  <datafield tag="035" ind1=" " ind2=" ">
    <subfield code="a">(NLR Aleph) 022514932</subfield>
  </datafield>
  <datafield tag="090" ind1=" " ind2=" ">
    <subfield code="a">13395240</subfield>
    <subfield code="c">13395240</subfield>
  </datafield>
  <datafield tag="100" ind1=" " ind2=" ">
    <subfield code="a">20250407d2023    |||y0rusy50      ca</subfield>
  </datafield>
  <datafield tag="101" ind1="0" ind2=" ">
    <subfield code="a">rus</subfield>
  </datafield>
  <datafield tag="102" ind1=" " ind2=" ">
    <subfield code="a">RU</subfield>
  </datafield>
  <datafield tag="120" ind1=" " ind2=" ">
    <subfield code="a">byby    xx|| </subfield>
  </datafield>
  <datafield tag="123" ind1="1" ind2=" ">
    <subfield code="a">a</subfield>
    <subfield code="b">1000000</subfield>
  </datafield>
  <datafield tag="200" ind1="1" ind2=" ">
    <subfield code="a">&#x41B;&#x438;&#x441;&#x442; R-58 - &#x411;&#x438;&#x43B;&#x438;&#x431;&#x438;&#x43D;&#x43E;</subfield>
    <subfield code="b">&#x41A;&#x430;&#x440;&#x442;&#x44B;</subfield>
    <subfield code="f">&#x418;&#x441;&#x43F;&#x43E;&#x43B;&#x43D;&#x438;&#x442;&#x435;&#x43B;&#x438; &#x440;&#x430;&#x431;&#x43E;&#x442;: &#x424;&#x413;&#x411;&#x423; &#xAB;&#x412;&#x421;&#x415;&#x413;&#x415;&#x418;&#xBB;</subfield>
    <subfield code="g">&#x410;&#x432;&#x442;.: &#x415;.&#x41F;. &#x418;&#x441;&#x430;&#x435;&#x432;&#x430; &#x438; &#x434;&#x440;.</subfield>
    <subfield code="g">&#x413;&#x43B;. &#x43D;&#x430;&#x443;&#x447;. &#x440;&#x435;&#x434;. &#x43A;&#x43E;&#x43C;&#x43F;&#x43B;&#x435;&#x43A;&#x442;&#x430;: &#x412;.&#x418;. &#x428;&#x43F;&#x438;&#x43A;&#x435;&#x440;&#x43C;&#x430;&#x43D;, &#x413;.&#x412;. &#x428;&#x43D;&#x435;&#x439;&#x434;&#x435;&#x440;</subfield>
  </datafield>
  <datafield tag="206" ind1=" " ind2=" ">
    <subfield code="a">1:1 000 000</subfield>
  </datafield>
  <datafield tag="210" ind1=" " ind2=" ">
    <subfield code="a">&#x421;&#x430;&#x43D;&#x43A;&#x442;-&#x41F;&#x435;&#x442;&#x435;&#x440;&#x431;&#x443;&#x440;&#x433;</subfield>
    <subfield code="c">&#x418;&#x437;&#x434;-&#x432;&#x43E; &#x412;&#x421;&#x415;&#x413;&#x415;&#x418;</subfield>
    <subfield code="d">2023</subfield>
  </datafield>
  <datafield tag="215" ind1=" " ind2=" ">
    <subfield code="a">4 &#x43A;. (6 &#x43B;.)</subfield>
    <subfield code="c">&#x446;&#x432;., &#x441;&#x445;&#x435;&#x43C;&#x44B;, &#x43F;&#x440;&#x43E;&#x444;., &#x442;&#x430;&#x431;&#x43B;.</subfield>
    <subfield code="d">93&#x445;66 &#x438; &#x434;&#x440;., &#x432; &#x43A;&#x43E;&#x440;. 25&#x445;17 &#x441;&#x43C;</subfield>
    <subfield code="e">6 &#x44D;&#x43B;&#x435;&#x43A;&#x442;&#x440;&#x43E;&#x43D;. &#x43E;&#x43F;&#x442;. &#x434;&#x438;&#x441;&#x43A;&#x43E;&#x432; (CD-ROM); 12 &#x441;&#x43C;</subfield>
  </datafield>
  <datafield tag="225" ind1="1" ind2=" ">
    <subfield code="a">&#x421;&#x435;&#x440;&#x438;&#x44F; &#x427;&#x443;&#x43A;&#x43E;&#x442;&#x441;&#x43A;&#x430;&#x44F;</subfield>
  </datafield>
  <datafield tag="300" ind1=" " ind2=" ">
    <subfield code="a">&#x41A;&#x430;&#x440;&#x442;&#x44B;: &#x41A;&#x430;&#x440;&#x442;&#x430; &#x437;&#x430;&#x43A;&#x43E;&#x43D;&#x43E;&#x43C;&#x435;&#x440;&#x43D;&#x43E;&#x441;&#x442;&#x435;&#x439; &#x440;&#x430;&#x437;&#x43C;&#x435;&#x449;&#x435;&#x43D;&#x438;&#x44F; &#x438; &#x43F;&#x440;&#x43E;&#x433;&#x43D;&#x43E;&#x437;&#x430; &#x43F;&#x43E;&#x43B;&#x435;&#x437;&#x43D;&#x44B;&#x445; &#x438;&#x441;&#x43A;&#x43E;&#x43F;&#x430;&#x435;&#x43C;&#x44B;&#x445;; &#x41A;&#x430;&#x440;&#x442;&#x430; &#x43F;&#x440;&#x43E;&#x433;&#x43D;&#x43E;&#x437;&#x430; &#x43D;&#x430; &#x43D;&#x435;&#x444;&#x442;&#x44C; &#x438; &#x433;&#x430;&#x437;; &#x41A;&#x430;&#x440;&#x442;&#x430; &#x43F;&#x43E;&#x43B;&#x435;&#x437;&#x43D;&#x44B;&#x445; &#x438;&#x441;&#x43A;&#x43E;&#x43F;&#x430;&#x435;&#x43C;&#x44B;&#x445;; &#x413;&#x435;&#x43E;&#x43B;&#x43E;&#x433;&#x438;&#x447;&#x435;&#x441;&#x43A;&#x430;&#x44F; &#x43A;&#x430;&#x440;&#x442;&#x430; &#x434;&#x43E;&#x447;&#x435;&#x442;&#x432;&#x435;&#x440;&#x442;&#x438;&#x447;&#x43D;&#x44B;&#x445; &#x43E;&#x431;&#x440;&#x430;&#x437;&#x43E;&#x432;&#x430;&#x43D;&#x438;&#x439;</subfield>
  </datafield>
  <datafield tag="327" ind1="1" ind2=" ">
    <subfield code="a">&#x414;&#x43E;&#x43F;. &#x43A;&#x430;&#x440;&#x442;&#x44B;: &#x422;&#x435;&#x43A;&#x442;&#x43E;&#x43D;&#x438;&#x447;&#x435;&#x441;&#x43A;&#x430;&#x44F; &#x441;&#x445;&#x435;&#x43C;&#x430;.- 1:2 500 000; &#x421;&#x445;&#x435;&#x43C;&#x430; &#x433;&#x43B;&#x443;&#x431;&#x438;&#x43D;&#x43D;&#x43E;&#x433;&#x43E; &#x441;&#x442;&#x440;&#x43E;&#x435;&#x43D;&#x438;&#x44F;.- 1:2 500 000.- &#x413;&#x438;&#x434;&#x440;&#x43E;&#x433;&#x435;&#x43E;&#x43B;&#x43E;&#x433;&#x438;&#x447;&#x435;&#x441;&#x43A;&#x430;&#x44F; &#x441;&#x445;&#x435;&#x43C;&#x430;.- 1:2 500 000; &#x421;&#x445;&#x435;&#x43C;&#x430; &#x43F;&#x440;&#x43E;&#x433;&#x43D;&#x43E;&#x437;&#x430; &#x43A;&#x43E;&#x440;&#x435;&#x43D;&#x43D;&#x44B;&#x445; &#x43F;&#x43E;&#x43B;&#x435;&#x437;&#x43D;&#x44B;&#x445; &#x438;&#x441;&#x43A;&#x43E;&#x43F;&#x430;&#x435;&#x43C;&#x44B;&#x445;.- 1:2 500 000; &#x421;&#x445;&#x435;&#x43C;&#x430; &#x43F;&#x440;&#x43E;&#x433;&#x43D;&#x43E;&#x437;&#x430; &#x440;&#x43E;&#x441;&#x441;&#x44B;&#x43F;&#x43D;&#x44B;&#x445; &#x43F;&#x43E;&#x43B;&#x435;&#x437;&#x43D;&#x44B;&#x445; &#x438;&#x441;&#x43A;&#x43E;&#x43F;&#x430;&#x435;&#x43C;&#x44B;&#x445;.- 1:2 500 000</subfield>
  </datafield>
  <datafield tag="461" ind1=" " ind2="0">
    <subfield code="1">001RU\NLR\BIBL_A\012660634</subfield>
    <subfield code="1">2001#$a&#x413;&#x43E;&#x441;&#x443;&#x434;&#x430;&#x440;&#x441;&#x442;&#x432;&#x435;&#x43D;&#x43D;&#x430;&#x44F; &#x433;&#x435;&#x43E;&#x43B;&#x43E;&#x433;&#x438;&#x447;&#x435;&#x441;&#x43A;&#x430;&#x44F; &#x43A;&#x430;&#x440;&#x442;&#x430; &#x420;&#x43E;&#x441;&#x441;&#x438;&#x439;&#x441;&#x43A;&#x43E;&#x439; &#x424;&#x435;&#x434;&#x435;&#x440;&#x430;&#x446;&#x438;&#x438;</subfield>
    <subfield code="9">12754783</subfield>
    <subfield code="c">&#x421;&#x430;&#x43D;&#x43A;&#x442;-&#x41F;&#x435;&#x442;&#x435;&#x440;&#x431;&#x443;&#x440;&#x433;</subfield>
    <subfield code="d">2019-2022</subfield>
    <subfield code="e">3-&#x435; &#x43F;&#x43E;&#x43A;&#x43E;&#x43B;&#x435;&#x43D;&#x438;&#x435;</subfield>
    <subfield code="f">&#x41E;&#x444;&#x43E;&#x440;&#x43C;&#x43B;. &#x438; &#x43E;&#x442;&#x43F;&#x435;&#x447;. &#x43D;&#x430; &#x43A;&#x430;&#x440;&#x442;&#x43E;&#x433;&#x440;. &#x444;-&#x43A;&#x435; &#x412;&#x421;&#x415;&#x413;&#x415;&#x418;</subfield>
    <subfield code="n">&#x412;&#x421;&#x415;&#x413;&#x415;&#x418;</subfield>
    <subfield code="p">...&#x43A;&#x43E;&#x43C;&#x43F;&#x43B;</subfield>
    <subfield code="t">&#x413;&#x43E;&#x441;&#x443;&#x434;&#x430;&#x440;&#x441;&#x442;&#x432;&#x435;&#x43D;&#x43D;&#x430;&#x44F; &#x433;&#x435;&#x43E;&#x43B;&#x43E;&#x433;&#x438;&#x447;&#x435;&#x441;&#x43A;&#x430;&#x44F; &#x43A;&#x430;&#x440;&#x442;&#x430; &#x420;&#x43E;&#x441;&#x441;&#x438;&#x439;&#x441;&#x43A;&#x43E;&#x439; &#x424;&#x435;&#x434;&#x435;&#x440;&#x430;&#x446;&#x438;&#x438;: &#x41A;&#x430;&#x440;&#x442;&#x44B;</subfield>
  </datafield>
  <datafield tag="509" ind1="0" ind2="1">
    <subfield code="7">ca</subfield>
    <subfield code="a">&#x427;&#x443;&#x43A;&#x43E;&#x442;&#x441;&#x43A;&#x438;&#x439; &#x430;&#x432;&#x442;&#x43E;&#x43D;&#x43E;&#x43C;&#x43D;&#x44B;&#x439; &#x43E;&#x43A;&#x440;&#x443;&#x433;</subfield>
    <subfield code="9">2635101</subfield>
    <subfield code="3">RU\NLR\auth_crt\551933</subfield>
  </datafield>
  <datafield tag="509" ind1="0" ind2="1">
    <subfield code="7">ca</subfield>
    <subfield code="a">&#x412;&#x43E;&#x441;&#x442;&#x43E;&#x447;&#x43D;&#x43E;-&#x421;&#x438;&#x431;&#x438;&#x440;&#x441;&#x43A;&#x43E;&#x435; &#x43C;&#x43E;&#x440;&#x435;</subfield>
    <subfield code="9">2635243</subfield>
    <subfield code="3">RU\NLR\auth_crt\552075</subfield>
  </datafield>
  <datafield tag="606" ind1="1" ind2=" ">
    <subfield code="a">&#x427;&#x435;&#x442;&#x432;&#x435;&#x440;&#x442;&#x438;&#x447;&#x43D;&#x44B;&#x435; &#x43E;&#x442;&#x43B;&#x43E;&#x436;&#x435;&#x43D;&#x438;&#x44F;</subfield>
    <subfield code="j">&#x41A;&#x430;&#x440;&#x442;&#x44B;</subfield>
    <subfield code="9">990894</subfield>
    <subfield code="3">RU\NLR\AUTH\6656346</subfield>
  </datafield>
  <datafield tag="607" ind1=" " ind2=" ">
    <subfield code="a">&#x427;&#x443;&#x43A;&#x43E;&#x442;&#x441;&#x43A;&#x438;&#x439; &#x430;&#x432;&#x442;&#x43E;&#x43D;&#x43E;&#x43C;&#x43D;&#x44B;&#x439; &#x43E;&#x43A;&#x440;&#x443;&#x433;</subfield>
    <subfield code="j">&#x41A;&#x430;&#x440;&#x442;&#x44B;</subfield>
    <subfield code="x">&#x413;&#x435;&#x43E;&#x43B;&#x43E;&#x433;&#x438;&#x44F;</subfield>
    <subfield code="9">1312452</subfield>
    <subfield code="3">RU\NLR\AUTH\66544497</subfield>
  </datafield>
  <datafield tag="608" ind1=" " ind2=" ">
    <subfield code="a">&#x41A;&#x430;&#x440;&#x442;&#x44B; &#x43F;&#x43E;&#x43B;&#x435;&#x437;&#x43D;&#x44B;&#x445; &#x438;&#x441;&#x43A;&#x43E;&#x43F;&#x430;&#x435;&#x43C;&#x44B;&#x445;</subfield>
    <subfield code="9">2327007</subfield>
    <subfield code="3">RU\NLR\AUTH\661391795</subfield>
  </datafield>
  <datafield tag="702" ind1=" " ind2="1">
    <subfield code="a">&#x418;&#x441;&#x430;&#x435;&#x432;&#x430;</subfield>
    <subfield code="b">&#x415;.&#x41F;.</subfield>
    <subfield code="4">070</subfield>
  </datafield>
  <datafield tag="702" ind1=" " ind2="1">
    <subfield code="a">&#x428;&#x43F;&#x438;&#x43A;&#x435;&#x440;&#x43C;&#x430;&#x43D;</subfield>
    <subfield code="b">&#x412;.&#x418;.</subfield>
    <subfield code="4">651</subfield>
  </datafield>
  <datafield tag="702" ind1=" " ind2="1">
    <subfield code="a">&#x428;&#x43D;&#x435;&#x439;&#x434;&#x435;&#x440;</subfield>
    <subfield code="b">&#x413;.&#x412;.</subfield>
    <subfield code="4">651</subfield>
  </datafield>
  <datafield tag="852" ind1=" " ind2=" ">
    <subfield code="a">NLR</subfield>
    <subfield code="b">&#x41A;</subfield>
    <subfield code="j">4-&#x421;&#x43E;&#x44E;&#x437; 6/5000</subfield>
    <subfield code="m">24-286</subfield>
  </datafield>
  <datafield tag="942" ind1=" " ind2=" ">
    <subfield code="c">MAP</subfield>
  </datafield>
  <datafield tag="980" ind1=" " ind2=" ">
    <subfield code="a">NB</subfield>
  </datafield>
  <datafield tag="995" ind1=" " ind2=" ">
    <subfield code="5">2025-04-07</subfield>
    <subfield code="b">NLR02</subfield>
    <subfield code="c">NLR02</subfield>
    <subfield code="e">MAP</subfield>
    <subfield code="f">ERR-353508</subfield>
    <subfield code="k">&#x41A; 4-&#x421;&#x43E;&#x44E;&#x437; 6/5000</subfield>
    <subfield code="o">0</subfield>
    <subfield code="r">MAP</subfield>
    <subfield code="s">_465000</subfield>
  </datafield>
</record>
